000 00505nam a2200193Ia 4500
005 20250425162713.0
008 250425s9999 xx 000 0 und d
041 _aeng
082 _a639.8
100 _aAVAULT, JAMES W
245 0 _aPROCEEDINGS OF THE SECOND ANNUAL WORKSHOP WORLD MARICULTURE SOCIETY
250 _aS.E
260 _aEstados Unidos
_bWORLD MARICULTURE SOCIETY
_c1972
260 _aTEXAS CITY
650 _aACUACULTURA
650 _aACUACULTURA
942 _c01
010 _a98280
999 _c234723
_d234723